000
00229nam a22000857a 4500
008
161115b xxu||||| |||| 00| 0 eng d
100
_9
1214
_a
Anand. V
245
_a
The pool in the jungle
260
_a
New delhi
_b
National book trust
_c
2005
999
_c
3905
_d
3905